[Event "Stay Safe Play From Home 358"]
[Site "Emanuel Lasker Arena"]
[Date "2020.08.05"]
[Round "4"]
[White "Lamborghini"]
[Black "Haris kollari 13"]
[Result "1-0"]
[WhiteElo "2269"]
[BlackElo "1719"]
[Annotator "NA RC"]
[PlyCount "49"]
[EventDate "2020.08.05"]
[EventType "swiss (blitz)"]

1. e4 {[%emt 0:00:01]} e6 {[%emt 0:00:00]} 2. d4 {[%emt 0:00:01]} d5 {[%emt 0:00:00]} 3. Nc3 {[%emt 0:00:00]} Nf6 {[%emt 0:00:01]} 4. Bg5 {[%emt 0:00:01]} Be7 {[%emt 0:00:01]} 5. e5 {[%emt 0:00:01]} Nfd7 {[%emt 0:00:00]} 6. Bxe7 {[%emt 0:00:00]} Qxe7 {[%emt 0:00:01]} 7. f4 {[%emt 0:00:00]} a6 {[%emt 0:00:01]} 8. Nf3 {[%emt 0:00:00]} c5 {[%emt 0:00:01]} 9. Qd2 {[%emt 0:00:00]} Nc6 {[%emt 0:00:01]} 10. dxc5 {[%emt 0:00:00]} Qxc5 {[%emt 0:00:02]} 11. O-O-O {[%emt 0:00:00]} b5 {[%emt 0:00:01]} 12. Bd3 {[%emt 0:00:00]} b4 {[%emt 0:00:01]} 13. Ne2 {[%emt 0:00:01]} a5 {[%emt 0:00:01]} 14. Kb1 {[%emt 0:00:03]} Ba6 {[%emt 0:00:01]} 15. h4 {[%emt 0:00:01]} Bxd3 {[%emt 0:00:02]} 16. cxd3 {[%emt 0:00:01]} Qb6 {[%emt 0:00:02]} 17. h5 {[%emt 0:00:02]} h6 {[%emt 0:00:01]} 18. Rc1 {[%emt 0:00:01]} Rc8 {[%emt 0:00:01]} 19. g4 {[%emt 0:00:01]} Ndb8 {[%emt 0:00:04]} 20. f5 {[%emt 0:00:01]} exf5 {[%emt 0:00:03]} 21. gxf5 {[%emt 0:00:01]} O-O {[%emt 0:00:01]} 22. f6 {[%emt 0:00:01]} Rce8 {[%emt 0:00:05]} 23. Rhg1 {[%emt 0:00:02]} Nxe5 {[%emt 0:00:03]} 24. Rxg7+ {[%emt 0:00:02]} Kh8 {[%emt 0:00:05]} 25. Qxh6# {[%emt 0:00:00] (Lag: Av=0.39s, max=0.7s) (Lag: Av=0.39s, max=0.7s) (Lag: Av=0.39s, max=0.7s) (Lag: Av=0.39s, max=0.7s) (Lag: Av=0.39s, max=0.7s)} 1-0

[Event "Stay Safe Play From Home 358"]
[Site "Emanuel Lasker Arena"]
[Date "2020.08.05"]
[Round "4"]
[White "SoulofWolf"]
[Black "TheCHESSHOUSE"]
[Result "0-1"]
[WhiteElo "2186"]
[BlackElo "2084"]
[Annotator "TA"]
[PlyCount "60"]
[EventDate "2020.08.05"]
[EventType "swiss (blitz)"]

{[%evp 10,59,40,15,22,0,46,-7,1,3,21,-55,54,-55,2,-114,-103,-277,-263,-379,-151,-247,-166,-476,-463,-479,-485,-560,-491,-490,-472,-537,-552,-610,-571,-653,-650,-872,-781,-765,-768,-956,-964,-902,-652,-650,-629,-29991,-1763,-29990,-29991,-29999]} 1. d4 Nf6 2. Nf3 g6 3. c4 Bg7 4. Nc3 d6 5. Bg5 O-O 6. Qc2 Nc6 {[#] E61: King's Indian: Early deviations for White, including Smyslov System.} 7. h3 $146 ({Predecessor:} 7. e3 Bf5 8. Qb3 Qc8 9. Be2 e5 10. O-O h6 11. Bh4 g5 12. Bg3 Nh5 13. Rac1 Nxg3 14. fxg3 exd4 {0-1 (35) Delgado Fernandez,L (1584)-Fortuny Profitos,J (1869) Barcelona 2020}) 7... Bd7 8. a3 (8. e4 $14) 8... h6 $11 {The position is equal.} 9. Bh4 a6 10. b4 ({Better is} 10. Rd1 $11) 10... b6 (10... g5 $15 11. Bg3 Nh5) 11. e4 (11. e3 $14) 11... e5 (11... g5 $15 12. Bg3 Nh5) 12. d5 (12. dxe5 $11 {remains equal.} dxe5 13. Be2) 12... Nd4 $36 {[%mdl 2048] White is under strong pressure.} 13. Nxd4 $2 {[#] White does not recover from this.} (13. Qd1 $17) 13... exd4 $19 14. Ne2 (14. Nd1 $142) 14... Qe8 $2 (14... g5 $19 {and Black stays clearly on top.} 15. Bg3 Re8) 15. f3 (15. Bxf6 $17 Bxf6 16. Rb1) 15... Nh7 {Hoping for ...d3!} 16. Bf2 $2 {[#]} (16. Qd3 {is more resistant.}) 16... d3 $1 {[%cal Rd3c2][%mdl 576] Discovered Attack} 17. Qxd3 Bxa1 18. Ng3 Bg7 19. Be2 f5 20. O-O fxe4 21. fxe4 Kh8 22. Bf3 Ng5 23. Re1 Nxf3+ 24. gxf3 Bxh3 25. c5 bxc5 26. bxc5 Be5 27. Ne2 Qe7 28. Be3 Qh4 (28... Rxf3 $142 29. Qd4 Qh4 30. Qd2 Qg4+ 31. Ng3 Rxg3+ 32. Kh1 Qxe4+ 33. Kh2 Rxe3+ 34. Kg1 Rxe1+ 35. Kf2 Rf1#) 29. Bf2 Qg5+ 30. Kh1 Qg2# {Accuracy: White = 15%, Black = 31%.} 0-1

[Event "Stay Safe Play From Home 358"]
[Site "Emanuel Lasker Arena"]
[Date "2020.08.05"]
[Round "4"]
[White "Little champs"]
[Black "Uber_WING"]
[Result "1-0"]
[WhiteElo "2177"]
[BlackElo "2314"]
[Annotator "TA"]
[PlyCount "123"]
[EventDate "2020.08.05"]
[EventType "swiss (blitz)"]

{[%evp 9,123,20,25,35,46,5,33,18,29,0,0,-8,0,0,4,-24,-15,-15,-4,-11,0,-8,8,-60,-2,-78,-76,-81,-88,-81,-84,-84,-64,-61,-19,-74,-60,-91,-102,-99,0,-29999,-111,-107,-117,-29999,-1270,-29999,-79,-235,-223,-223,-216,-225,-243,-287,-297,-350,-363,-350,-343,-571,-323,-688,-689,-1297,-664,-623,0,-1266,-1261,-5831,-961,-947,0,-968,-728,-640,-612,-919,-355,-1054,0,-854,-554,-728,5185,1966,12822,1128,1422,1413,29996,29977,29997,29987,29990,29971,29988,29989,29993,29993,29994,29994,29995,29994,29995,29982,29982,29983,29984,29985,29985,29985,29985,29984]} 1. e4 d5 2. exd5 Qxd5 3. Nc3 Qd6 4. Nf3 Nf6 5. Be2 a6 6. O-O {B01: Scandinavian Defence.} Nc6 7. a3 Bg4 8. b4 {White is slightly better.} e6 {[#]} 9. d3 $146 (9. h3 $5 {[%cal Rh3g4]} Bf5 10. d3 $11) ({Predecessor:} 9. Bb2 Be7 10. h3 Bh5 11. d3 O-O 12. Qd2 Rfd8 13. Rfe1 Bg6 14. Rad1 a5 15. b5 {1-0 (52) Menon,S (2072)-Houska,J (2168) Reading 1999}) 9... Be7 10. Bg5 O-O 11. Bh4 h6 12. Bg3 Qd7 13. h3 Bxf3 14. Bxf3 Rfd8 15. Re1 Bf8 16. Qe2 (16. Qc1 $1 $11) 16... Rab8 (16... Nd4 $15 17. Qd1 c5 18. bxc5 Bxc5) 17. Qe3 (17. Bxc6 $11 {remains equal.} Qxc6 18. Qd2) 17... Nd4 $1 $17 {[%cal Rd4c2]} 18. Bd1 Nf5 19. Qf3 Nxg3 20. Qxg3 Bd6 21. Qf3 Qc6 22. Ne4 (22. Qxc6 $11 bxc6 23. Na4) 22... Nxe4 23. Rxe4 Qc3 24. Rb1 a5 ({Better is} 24... Qxa3 $17 25. Qe3 c5) 25. Rc4 $2 {[%mdl 8192]} (25. d4 $11 Qd2 26. Qe3 Qxe3 27. Rxe3) 25... Qxa3 $2 (25... Qe1#) 26. bxa5 Qxa5 {[%cal Ra5e1]} 27. Rxb7 $2 {[%mdl 8192]} (27. g3 $17) 27... Rxb7 (27... Qe1# $142) 28. Qxb7 Qe5 $2 (28... Qe1# {mates}) 29. Re4 $2 (29. Kf1 $17) 29... Qh2+ $40 {[%mdl 128] White is in trouble.} 30. Kf1 Qh1+ 31. Ke2 Qxg2 {Hoping for ...Bc5.} 32. Qb5 Qxh3 33. Qc4 Qh5+ 34. Ke1 Qg5 {aiming for ...Rb8.} 35. Bf3 $2 (35. Kf1) 35... Ra8 36. Ke2 $2 (36. Kf1) 36... Ra1 37. Rg4 Qe5+ 38. Re4 Qg5 (38... Qb2 $142 39. Bh5 Rc1) 39. Rg4 $1 {[%cal Rg4g5]} Qc1 {[%csl Ga1][%cal Rc1e1]} 40. Qc3 e5 (40... Qf1+ $142 41. Ke3 Re1+ 42. Qxe1 {[%mdl 64] Remove Defender} Qxe1+ 43. Be2 f5) 41. Bd5 Bc5 $2 {[#]} (41... Qf1+ $19 42. Kf3 Re1 43. Qxe1 Qxe1) 42. Kf3 $2 {[%mdl 8192]} (42. Bxf7+ $1 $11 {[%mdl 512]} Kxf7 {[#]} 43. Rxg7+ $3 {[%mdl 576] Decoy} Kxg7 44. Qxe5+ Kf7 45. Qf5+ Ke8 46. Qc8+ Kf7 47. Qf5+ Kg7 48. Qe5+ Kf7 49. Qf5+) 42... Qd1+ 43. Kg3 Bd6 {( -> ...e4+)} 44. Be4 Qg1+ $2 (44... h5 45. Rg5 Ra3 46. Qxa3 Bxa3) 45. Kf3 $2 (45. Kh3 Qd1 46. Qc6 Qf1+ 47. Rg2) 45... Qd1+ 46. Kg3 $1 Qb1 47. Qb3 Ra3 $4 {[%mdl 8192]} (47... Qg1+ $19 48. Kh3 Qxf2 49. Qb8+ Bf8) 48. Qxb1 $18 {Intending Qb8+ and mate.} Ra8 49. Qb7 Rf8 50. Qc6 Be7 51. Bd5 {White mates.} Bf6 52. Qd7 h5 {[#]} 53. Rh4 $1 Bxh4+ 54. Kxh4 Kh7 55. Qxc7 g5+ 56. Kxg5 Kg7 57. Kxh5 e4 58. Qxf7+ Rxf7 59. Bxf7 Kxf7 60. dxe4 Ke6 61. f3 Ke5 62. Kg4 {White used his chance. Accuracy: White = 35%, Black = 46%.} 1-0

[Event "Stay Safe Play From Home 358"]
[Site "Emanuel Lasker Arena"]
[Date "2020.08.05"]
[Round "4"]
[White "Stefanone"]
[Black "Tolka"]
[Result "0-1"]
[WhiteElo "1973"]
[BlackElo "2299"]
[Annotator "TA"]
[PlyCount "74"]
[EventDate "2020.08.05"]
[EventType "swiss (blitz)"]

{[%evp 12,74,35,8,47,43,38,19,20,24,54,25,37,0,7,0,41,25,30,10,25,-44,40,49,72,50,92,0,54,-23,0,-71,-23,-76,-29,-55,-45,-70,-65,-89,-49,-66,-43,-64,-62,-149,-151,-155,-49,-51,-48,-56,0,-28,0,-452,-452,-504,-502,-516,-501,-494,-468,-1452,-1464]} 1. d4 d6 2. e3 Nf6 3. Nf3 g6 4. b3 Bg7 5. Bb2 O-O 6. Be2 Nbd7 7. O-O Qe8 {A48: 1 d4 Nf6 2 Nf3 g6: Torre, London and Colle Systems.} 8. c4 e5 9. dxe5 dxe5 {The position is equal.} 10. Nc3 {[#]} c6 $146 ({Predecessor:} 10... Qe7 11. Qc2 a6 12. e4 c6 13. a4 Re8 14. Ba3 Qd8 15. Rfd1 Bf8 16. Bxf8 Kxf8 {1-0 (70) Ramirez Almeciga,Y (1646)-Nunez Gonzalez,N (1836) San Jose 2018}) 11. Qc2 Qe6 12. Ng5 Qe7 13. Nf3 h6 14. Rad1 Re8 15. h3 Nf8 16. Ne4 (16. Qc1 $11) 16... Bf5 (16... Nxe4 $15 17. Qxe4 Bf5) 17. Nxf6+ $14 Bxf6 18. e4 Bc8 19. Bd3 (19. c5 $16) 19... b6 (19... c5 $11) 20. Nd2 ({White should try} 20. c5 $14) 20... Bb7 21. f3 (21. c5 $11) 21... Rad8 22. Nb1 (22. c5 $11 {keeps the balance.}) 22... Qc5+ 23. Qf2 Qxf2+ 24. Rxf2 Be7 25. Rfd2 Bc5+ 26. Kh2 f6 27. Nc3 Ne6 28. Ne2 ({White should play} 28. Bf1 $15) 28... Be3 $17 29. Rc2 Nf4 ({Better is} 29... Re7 $17 {aiming for ...Red7.} 30. Bc1 Bc5) 30. Nxf4 $15 Bxf4+ 31. Kg1 Bg3 (31... Be3+ $15 32. Kf1 c5) 32. Bc3 Rd7 {White must now prevent ...Red8.} 33. Be1 $2 {[%mdl 8192]} (33. Be2 $11 {and White is okay.} Rxd1+ 34. Bxd1) 33... Bxe1 $19 {[%mdl 64] [#] Overworked Piece. Black is clearly winning.} 34. Rxe1 Rxd3 35. Rce2 Red8 36. Kf2 Rd2 37. Rd1 (37. Rxd2 $142 Rxd2+ 38. Re2 Rxe2+ 39. Kxe2) 37... Rxd1 {Accuracy: White = 50%, Black = 45%.} 0-1

[Event "Stay Safe Play From Home 358"]
[Site "Emanuel Lasker Arena"]
[Date "2020.08.05"]
[Round "4"]
[White "Gaurav306"]
[Black "SelamiSahin"]
[Result "0-1"]
[WhiteElo "1678"]
[BlackElo "2116"]
[Annotator "NA RC"]
[PlyCount "46"]
[EventDate "2020.08.05"]
[EventType "swiss (blitz)"]

{- Yarar, Atakan} 1. e4 {[%emt 0:00:01]} c6 {[%emt 0:00:01]} 2. d4 {[%emt 0:00:01]} d5 {[%emt 0:00:00]} 3. Nc3 {[%emt 0:00:01]} dxe4 {[%emt 0:00:01]} 4. Nxe4 {[%emt 0:00:01]} Nf6 {[%emt 0:00:00]} 5. Ng3 {[%emt 0:00:01]} g6 {[%emt 0:00:01]} 6. Nf3 {[%emt 0:00:01]} Bg7 {[%emt 0:00:00]} 7. h4 {[%emt 0:00:03]} h5 {[%emt 0:00:02]} 8. Bg5 {[%emt 0:00:02]} O-O {[%emt 0:00:01]} 9. Bd3 {[%emt 0:00:02]} b6 {[%emt 0:00:00]} 10. Qd2 {[%emt 0:00:01]} Bb7 {[%emt 0:00:01]} 11. Bh6 {[%emt 0:00:02]} Nbd7 {[%emt 0:00:00]} 12. O-O-O {[%emt 0:00:02]} e6 {[%emt 0:00:02]} 13. Bxg7 {[%emt 0:00:07]} Kxg7 {[%emt 0:00:00]} 14. Ng5 {[%emt 0:00:01]} c5 {[%emt 0:00:01]} 15. f3 {[%emt 0:00:13]} cxd4 {[%emt 0:00:02]} 16. Ne2 {[%emt 0:00:01]} Nc5 {[%emt 0:00:01]} 17. g4 {[%emt 0:00:01]} Qd5 {[%emt 0:00:07]} 18. gxh5 {[%emt 0:00:01]} Nxh5 {[%emt 0:00:00]} 19. Ng3 {[%emt 0:00:01]} Nxg3 {[%emt 0:00:03]} 20. h5 {[%emt 0:00:00]} Nxh5 {[%emt 0:00:06]} 21. Rdg1 {[%emt 0:00:02]} Rh8 {[%emt 0:00:02]} 22. Ne4 {[%emt 0:00:02]} Qxa2 {[%emt 0:00:04]} 23. Nxc5 {[%emt 0:00:03]} Qa1# {[%emt 0:00:01] (Lag: Av=0.66s, max=1.2s) (Lag: Av=0.66s, max=1.2s) (Lag: Av=0.66s, max=1.2s) (Lag: Av=0.66s, max=1.2s) (Lag: Av=0.66s, max=1.2s)} 0-1

[Event "Stay Safe Play From Home 358"]
[Site "Emanuel Lasker Arena"]
[Date "2020.08.05"]
[Round "4"]
[White "Trotsky"]
[Black "Ao017545"]
[Result "1-0"]
[WhiteElo "1629"]
[BlackElo "1481"]
[Annotator "NA RC"]
[PlyCount "23"]
[EventDate "2020.08.05"]
[EventType "swiss (blitz)"]

1. d4 {[%emt 0:00:02]} e6 {[%emt 0:00:01]} 2. e3 {[%emt 0:00:00]} Nf6 {[%emt 0:00:01]} 3. c4 {[%emt 0:00:01]} c5 {[%emt 0:00:00]} 4. Nc3 {[%emt 0:00:01]} cxd4 {[%emt 0:00:00]} 5. exd4 {[%emt 0:00:01]} Bb4 {[%emt 0:00:05]} 6. Be3 {[%emt 0:00:01]} Ne4 {[%emt 0:00:01]} 7. Qc2 {[%emt 0:00:01]} d5 {[%emt 0:00:03]} 8. Bd3 {[%emt 0:00:01]} Qh4 {[%emt 0:00:03]} 9. g3 {[%emt 0:00:08]} Qg4 {[%emt 0:00:04]} 10. f3 {[%emt 0:00:04]} Qg6 {[%emt 0:00:14]} 11. fxe4 {[%emt 0:00:03]} dxc4 {[%emt 0:00:00]} 12. Bxc4 {[%emt 0:00:03] Ao017545 terk eder Ao017545 terk eder Ao017545 terk eder Ao017545 terk eder Ao017545 terk eder (Lag: Av=0.54s, max=0.7s) (Lag: Av=0.54s, max=0.7s) (Lag: Av=0.54s, max=0.7s) (Lag: Av=0.54s, max=0.7s) (Lag: Av=0.54s, max=0.7s)} 1-0

[Event "Stay Safe Play From Home 358"]
[Site "Emanuel Lasker Arena"]
[Date "2020.08.05"]
[Round "5"]
[White "Tran Minh Thang"]
[Black "BrainThinker22"]
[Result "1-0"]
[WhiteElo "2554"]
[BlackElo "2411"]
[Annotator "NA RC"]
[PlyCount "115"]
[EventDate "2020.08.05"]
[EventType "swiss (blitz)"]

1. d4 {[%emt 0:00:01]} c5 {[%emt 0:00:01]} 2. d5 {[%emt 0:00:01]} e5 {[%emt 0:00:01]} 3. Nc3 {[%emt 0:00:01]} d6 {[%emt 0:00:00]} 4. g3 {[%emt 0:00:00]} Be7 {[%emt 0:00:00]} 5. Bg2 {[%emt 0:00:00]} Bg5 {[%emt 0:00:00]} 6. e3 {[%emt 0:00:02]} Nf6 {[%emt 0:00:03]} 7. Nf3 {[%emt 0:00:02]} Bh6 {[%emt 0:00:01]} 8. h3 {[%emt 0:00:00]} O-O {[%emt 0:00:01]} 9. g4 {[%emt 0:00:01]} Nfd7 {[%emt 0:00:03]} 10. Ne4 {[%emt 0:00:02]} g6 {[%emt 0:00:02]} 11. Nxd6 {[%emt 0:00:01]} Nb6 {[%emt 0:00:02]} 12. Nxc8 {[%emt 0:00:02]} Qxc8 {[%emt 0:00:01]} 13. Nxe5 {[%emt 0:00:01]} Bg7 {[%emt 0:00:00]} 14. Nd3 {[%emt 0:00:01]} c4 {[%emt 0:00:01]} 15. Nf4 {[%emt 0:00:00]} c3 {[%emt 0:00:01]} 16. b3 {[%emt 0:00:00]} N8d7 {[%emt 0:00:01]} 17. Ba3 {[%emt 0:00:01]} Re8 {[%emt 0:00:01]} 18. O-O {[%emt 0:00:01]} Nc5 {[%emt 0:00:02]} 19. Bxc5 {[%emt 0:00:01]} Qxc5 {[%emt 0:00:00]} 20. Qd3 {[%emt 0:00:00]} Rad8 {[%emt 0:00:01]} 21. Rfd1 {[%emt 0:00:01]} a5 {[%emt 0:00:01]} 22. a3 {[%emt 0:00:01]} a4 {[%emt 0:00:01]} 23. b4 {[%emt 0:00:01]} Qc7 {[%emt 0:00:00]} 24. d6 {[%emt 0:00:01]} Qd7 {[%emt 0:00:02]} 25. Ne2 {[%emt 0:00:04]} Re6 {[%emt 0:00:02]} 26. Nxc3 {[%emt 0:00:03]} Rxd6 {[%emt 0:00:01]} 27. Qxd6 {[%emt 0:00:00]} Qxd6 {[%emt 0:00:01]} 28. Rxd6 {[%emt 0:00:00]} Rxd6 {[%emt 0:00:00]} 29. Rd1 {[%emt 0:00:00]} Rxd1+ {[%emt 0:00:05]} 30. Nxd1 {[%emt 0:00:00]} Nc4 {[%emt 0:00:00]} 31. Bxb7 {[%emt 0:00:02]} Nxa3 {[%emt 0:00:00]} 32. Bc6 {[%emt 0:00:00]} Bf8 {[%emt 0:00:02]} 33. c3 {[%emt 0:00:02]} Bg7 {[%emt 0:00:05]} 34. Bxa4 {[%emt 0:00:01]} Nb1 {[%emt 0:00:00]} 35. b5 {[%emt 0:00:02]} Nxc3 {[%emt 0:00:01]} 36. Nxc3 {[%emt 0:00:02]} Bxc3 {[%emt 0:00:00]} 37. b6 {[%emt 0:00:02]} Be5 {[%emt 0:00:01]} 38. f4 {[%emt 0:00:01]} Bb8 {[%emt 0:00:01]} 39. Kf2 {[%emt 0:00:00]} Kf8 {[%emt 0:00:00]} 40. Kf3 {[%emt 0:00:01]} Ke7 {[%emt 0:00:00]} 41. Ke4 {[%emt 0:00:00]} Kd6 {[%emt 0:00:01]} 42. Bb3 {[%emt 0:00:00]} f6 {[%emt 0:00:01]} 43. g5 {[%emt 0:00:00]} fxg5 {[%emt 0:00:02]} 44. fxg5 {[%emt 0:00:00]} Ke7 {[%emt 0:00:02]} 45. Bg8 {[%emt 0:00:00]} Kf8 {[%emt 0:00:01]} 46. Bxh7 {[%emt 0:00:02]} Kg7 {[%emt 0:00:01]} 47. Bxg6 {[%emt 0:00:00]} Kxg6 {[%emt 0:00:00]} 48. h4 {[%emt 0:00:00]} Kh5 {[%emt 0:00:01]} 49. Kf5 {[%emt 0:00:00]} Kxh4 {[%emt 0:00:01]} 50. g6 {[%emt 0:00:00]} Kg3 {[%emt 0:00:01]} 51. g7 {[%emt 0:00:00]} Kf3 {[%emt 0:00:00]} 52. g8=Q {[%emt 0:00:00]} Bh2 {[%emt 0:00:02]} 53. Qg4+ {[%emt 0:00:01]} Kf2 {[%emt 0:00:00]} 54. b7 {[%emt 0:00:00]} Kxe3 {[%emt 0:00:01]} 55. Qe4+ {[%emt 0:00:00]} Kf2 {[%emt 0:00:01]} 56. Qc2+ {[%emt 0:00:01]} Kg1 {[%emt 0:00:00]} 57. Kg4 {[%emt 0:00:01]} Bc7 {[%emt 0:00:01]} 58. Kf3 {[%emt 0:00:01] Time Time Time Time Time (Lag: Av=0.69s, max=1.3s) (Lag: Av=0.69s, max=1.3s) (Lag: Av=0.69s, max=1.3s) (Lag: Av=0.69s, max=1.3s) (Lag: Av=0.69s, max=1.3s)} 1-0

[Event "Stay Safe Play From Home 358"]
[Site "Emanuel Lasker Arena"]
[Date "2020.08.05"]
[Round "5"]
[White "Uber_WING"]
[Black "Stefanone"]
[Result "1-0"]
[WhiteElo "2290"]
[BlackElo "1969"]
[Annotator "TA"]
[PlyCount "71"]
[EventDate "2020.08.05"]
[EventType "swiss (blitz)"]

{[%evp 9,71,4,13,8,8,0,15,12,10,6,6,-17,48,-22,1,-24,22,19,45,47,51,63,83,69,108,104,107,80,114,110,116,77,96,48,70,71,78,85,87,70,195,194,274,273,268,256,424,395,375,277,547,506,783,772,884,881,1199,842,3403,4035,29994,29990,29993,29992]} 1. e4 e6 2. Nc3 b6 3. d3 Bb7 4. g3 Nf6 5. Bg2 d5 6. e5 {C00: French: Unusual White 2nd moves.} Nfd7 7. f4 Be7 8. Nf3 {The position is equal.} c5 9. O-O Nc6 10. h3 {[#]} Qc7 $146 ({Black should play} 10... O-O $11) ({Predecessor:} 10... O-O 11. Ne2 f6 12. exf6 Bxf6 13. Kh2 Qc7 14. c3 e5 15. a3 Rae8 16. Ng5 Nd8 {1-0 (39) Gonzalez Uruena,J (1609)-Blanco Carvajal,E (1600) Ibague 2017}) 11. g4 (11. f5 $14) 11... O-O-O 12. Ne2 a6 13. c3 b5 14. d4 cxd4 15. Nexd4 Nb6 16. b3 Nxd4 17. cxd4 Kb8 18. Be3 Bb4 19. Rc1 Qd7 20. Qe2 Rc8 21. Rfd1 Rxc1 22. Rxc1 Rc8 23. Rxc8+ Qxc8 24. Ng5 Qd7 {This costs Black the game.} (24... Qg8 $14) 25. Nxh7 $18 g6 (25... Nc8 $142 26. Ng5 Qe8) 26. Nf6 Qc7 {[#]} 27. f5 $1 {[%mdl 512]} Be7 $2 (27... gxf5 28. gxf5 exf5) (27... exf5 28. gxf5) 28. fxg6 fxg6 29. Qf3 Bxf6 $2 (29... Qc3 {is a better defense.} 30. Qf2 Bc6) 30. Qxf6 Nd7 (30... a5 $142 31. Qxe6 Qc3) 31. Qxe6 Qc3 32. Bf2 ({Worse is} 32. Qxd7 Qxe3+ 33. Kf1 Qd3+ 34. Ke1 Qe3+ 35. Kf1 Qd3+ 36. Ke1 Qe3+ 37. Kf1 $11) 32... Nb6 33. Qxg6 Nc4 34. bxc4 dxc4 35. e6 Bc6 36. Bxc6 {Accuracy: White = 73%, Black = 30%.} 1-0

[Event "Stay Safe Play From Home 358"]
[Site "Emanuel Lasker Arena"]
[Date "2020.08.05"]
[Round "5"]
[White "Lamborghini"]
[Black "Edmatuag"]
[Result "1-0"]
[WhiteElo "2270"]
[BlackElo "1677"]
[Annotator "RC"]
[PlyCount "55"]
[EventDate "2020.08.05"]
[EventType "swiss (blitz)"]

1. e4 {[%emt 0:00:01]} c6 {[%emt 0:00:02]} 2. d4 {[%emt 0:00:01]} d6 {[%emt 0:00:00]} 3. Nc3 {[%emt 0:00:00]} Nd7 {[%emt 0:00:00]} 4. g4 {[%emt 0:00:01]} Qc7 {[%emt 0:00:00]} 5. g5 {[%emt 0:00:01]} g6 {[%emt 0:00:00]} 6. h4 {[%emt 0:00:01]} Bg7 {[%emt 0:00:01]} 7. h5 {[%emt 0:00:01]} Nb6 {[%emt 0:00:02]} 8. h6 {[%emt 0:00:01]} Bf8 {[%emt 0:00:02]} 9. f4 {[%emt 0:00:01]} e6 {[%emt 0:00:04]} 10. Be3 {[%emt 0:00:01]} Bd7 {[%emt 0:00:01]} 11. Nf3 {[%emt 0:00:01]} O-O-O {[%emt 0:00:01]} 12. Qd2 {[%emt 0:00:01]} c5 {[%emt 0:00:01]} 13. O-O-O {[%emt 0:00:01]} Ne7 {[%emt 0:00:02]} 14. dxc5 {[%emt 0:00:02]} dxc5 {[%emt 0:00:02]} 15. Ne5 {[%emt 0:00:01]} Be8 {[%emt 0:00:04]} 16. Qxd8+ {[%emt 0:00:01]} Qxd8 {[%emt 0:00:03]} 17. Rxd8+ {[%emt 0:00:00]} Kxd8 {[%emt 0:00:01]} 18. Bxc5 {[%emt 0:00:01]} Nc6 {[%emt 0:00:02]} 19. Bxf8 {[%emt 0:00:01]} Rxf8 {[%emt 0:00:01]} 20. Nd3 {[%emt 0:00:03]} Nd4 {[%emt 0:00:01]} 21. Rh3 {[%emt 0:00:07]} Bc6 {[%emt 0:00:02]} 22. Ne5 {[%emt 0:00:02]} Nd7 {[%emt 0:00:05]} 23. Rd3 {[%emt 0:00:01]} Nb5 {[%emt 0:00:05]} 24. Nxd7 {[%emt 0:00:04]} Nxc3 {[%emt 0:00:04]} 25. Nxf8+ {[%emt 0:00:01]} Ke7 {[%emt 0:00:01]} 26. Rxc3 {[%emt 0:00:01]} Bxe4 {[%emt 0:00:02]} 27. Nxh7 {[%emt 0:00:02]} Bc6 {[%emt 0:00:03]} 28. Nf6 {[%emt 0:00:00] Edmatuag resigns Edmatuag resigns Edmatuag resigns Edmatuag resigns Edmatuag resigns (Lag: Av=0.59s, max=1.0s) (Lag: Av=0.59s, max=1.0s) (Lag: Av=0.59s, max=1.0s) (Lag: Av=0.59s, max=1.0s) (Lag: Av=0.59s, max=1.0s)} 1-0

[Event "Stay Safe Play From Home 358"]
[Site "Emanuel Lasker Arena"]
[Date "2020.08.05"]
[Round "5"]
[White "SoulofWolf"]
[Black "Trotsky"]
[Result "1-0"]
[WhiteElo "2164"]
[BlackElo "1639"]
[Annotator "TA"]
[PlyCount "67"]
[EventDate "2020.08.05"]
[EventType "swiss (blitz)"]

{[%evp 9,67,16,77,57,72,55,77,67,69,64,68,72,62,28,39,25,87,92,136,150,193,191,293,275,275,201,389,387,624,594,607,602,739,714,666,575,522,418,386,388,485,0,527,516,508,-28,662,659,1039,1002,2209,1008,29989,29990,29990,29989,29989,29986,29993,29994]} 1. d4 d5 2. c4 e6 3. Nc3 c5 4. dxc5 Bxc5 5. cxd5 exd5 (5... Nf6 $11) 6. Qxd5 $16 {D32: Tarrasch Defence: Sidelines and lines without g3.} Qb6 7. e3 Be6 {[#]} 8. Qe4 $146 {White is better.} ({Predecessor:} 8. Bb5+ Nc6 9. Bxc6+ bxc6 10. Qg5 Ne7 11. Nge2 h6 12. Qh5 g6 13. Qe5 O-O-O 14. O-O {0-1 (56) Makhno,M (1915)-Mironov,A (1457) St Petersburg 2017}) 8... Nf6 9. Qc2 Nc6 10. Nf3 Bd6 11. a3 a6 12. Be2 Qc7 (12... Bb3 $11 {remains equal.} 13. Qf5 O-O) 13. O-O Ng4 {[%cal Rd6h2]} 14. h3 h5 15. Ne4 O-O-O (15... Bh2+ {was called for.} 16. Kh1 Na5 17. Qxc7 Bxc7) 16. Nxd6+ $18 Rxd6 17. e4 f6 $2 (17... Rd7 {might work better.} 18. Rd1 Rxd1+ 19. Bxd1 (19. Qxd1 Kb8 $18) 19... Nge5) 18. Bf4 {[%mdl 64] [#] Skewer} g5 $2 (18... Nge5 19. Rac1 g5) 19. Bxd6 ({Less strong is} 19. hxg4 gxf4 20. g5 fxg5 $16) 19... Qxd6 20. Rfd1 Qf4 21. Bxa6 {Threatens to win with Qxc6+.} Kb8 22. Bb5 Nce5 23. Nxe5 Qh2+ 24. Kf1 fxe5 25. Ke2 $2 (25. hxg4 $18 {Black must now prevent Bd7.} Rc8 26. Qd2 Qh1+ 27. Ke2 Bxg4+ 28. Ke3 Bxd1 29. Rxd1 Qxg2 30. Qd6+ {[%mdl 64] Double Attack} Ka8 31. Qxe5 Qh3+ 32. f3) 25... Rf8 $2 {[%mdl 8192]} (25... Nxf2 $1 $11 {and Black has nothing to worry.} 26. Rac1 (26. Kxf2 $2 Rf8+ 27. Ke3 Qg3+ 28. Kd2 Qxg2+ 29. Be2 Rd8+ 30. Ke3 Qg3+ 31. Bf3 Qf4+ 32. Kf2 Qh2+ 33. Ke1 Qxc2 $19) 26... Nxd1 27. Qc7+ Ka8) 26. Rf1 Qxg2 {[%cal Rf8f2]} 27. Ke1 $2 (27. hxg4 $18 Bxg4+ 28. Ke1) 27... Rxf2 $2 {[%mdl 8192] This move loses the game for Black.} (27... Rc8 $11 28. Qd2 (28. Qd3 $2 Nh2 $19) 28... Nh2) 28. Rxf2 Qg1+ 29. Bf1 {White wants to mate with Rf8+.} Qg3 30. Rc1 Ne3 31. Qc7+ {White mates.} Ka7 32. Qc5+ Kb8 {[#]} 33. Rc3 $1 Ng2+ 34. Bxg2 {Accuracy: White = 60%, Black = 29%.} 1-0